|
|
|
|
| LEADER |
00000nam0a2200000 4500 |
| 001 |
230187 |
| 005 |
20231101231005.0 |
| 035 |
|
|
|a (RuTPU)RU\TPU\book\250928
|
| 035 |
|
|
|a RU\TPU\book\250905
|
| 090 |
|
|
|a 230187
|
| 100 |
|
|
|a 20130118d1949 k y0rusy50 ca
|
| 101 |
0 |
|
|a rus
|
| 102 |
|
|
|a RU
|
| 105 |
|
|
|a y a 001zy
|
| 200 |
1 |
|
|a Борис Борисович Полынов
|f Академия наук СССР (АН СССР) ; сост. А. П. Епифанова
|
| 210 |
|
|
|a Москва
|a Ленинград
|c Изд-во АН СССР
|d 1949
|
| 215 |
|
|
|a 48 с.
|
| 225 |
1 |
|
|a Материалы к биобиблиографии ученых СССР
|
| 225 |
1 |
|
|a Серия почвоведения
|v Вып. 3
|
| 317 |
|
|
|5 63413507: КР-135
|a Поступила в НТБ в составе книжного собрания профессора ТПИ К. В. Радугина 4.11.2004 г.
|
| 320 |
|
|
|a Библиография: с. 28-43.
|
| 320 |
|
|
|a Именной указатель: с. 44.
|
| 320 |
|
|
|a Список принятых сокращений: с. 45-46.
|
| 600 |
|
1 |
|a Полынов
|b Б. Б.
|c российский почвовед
|f 1877-1952
|g Борис Борисович
|c геохимик
|c академик АН СССР
|2 stltpush
|3 (RuTPU)RU\TPU\pers\8753
|
| 606 |
1 |
|
|a Почвоведение
|2 stltpush
|3 (RuTPU)RU\TPU\subj\71851
|9 85566
|
| 610 |
1 |
|
|a почва
|
| 610 |
1 |
|
|a изучение
|
| 610 |
1 |
|
|a Россия
|
| 610 |
1 |
|
|a 20 век
|
| 610 |
1 |
|
|a персоналии
|
| 610 |
1 |
|
|a библиотека К. В. Радугина
|
| 610 |
1 |
|
|a владельческая надпись
|
| 675 |
|
|
|a 631.4(092)(01)
|v 3
|
| 702 |
|
1 |
|a Епифанова
|b А. П.
|4 220
|
| 712 |
0 |
2 |
|a Академия наук СССР (АН СССР)
|2 stltpush
|3 (RuTPU)RU\TPU\col\722
|
| 801 |
|
1 |
|a RU
|b 63413507
|c 20130118
|
| 801 |
|
2 |
|a RU
|b 63413507
|c 20150918
|g RCR
|
| 942 |
|
|
|c BK
|